Hollow Knight - ALL ENEMIES - Statistics

General Stats
  • This quiz has been taken 316 times
  • The average score is 73 of 168
Answer Stats
Original location / type Required for Keen Hunter? Enemy % Correct
Forgotten Crossroads / Common Enemies Yes Vengefly
83%
Forgotten Crossroads / Common Enemies Yes False Knight
69%
Forgotten Crossroads / Common Enemies Yes Tiktik
68%
The Grimm Troupe No Grimm
67%
Forgotten Crossroads / Common Enemies Yes Gruz Mother
65%
Special Enemies Yes Hornet
64%
Kingdom's Edge Yes Primal Aspid
64%
Forgotten Crossroads / Common Enemies Yes Crawlid
63%
Fungal Wastes Yes Mantis Lords
63%
Forgotten Crossroads / Common Enemies Yes Vengefly King
62%
Zote Variants No Zote
62%
Royal Waterways Yes Flukemarm
61%
Forgotten Crossroads / Common Enemies Yes Gruzzer
61%
Fog Canyon Yes Uumuu
60%
The Hive Yes Hive Knight
58%
Special Enemies No Hollow Knight
58%
Special Enemies No Radiance
58%
The Abyss Yes Sibling
58%
Forgotten Crossroads / Common Enemies Yes Leaping Husk
57%
The Grimm Troupe No Nightmare King
57%
Ancient Basin Yes Broken Vessel
56%
Zote Variants No Grey Prince Zote
55%
City of Tears Yes Soul Master
55%
Forgotten Crossroads / Common Enemies Yes Wandering Husk
55%
Crystal Peak Yes Crystal Guardian
54%
Special Enemies No Pure Vessel
54%
Forgotten Crossroads / Common Enemies Yes Aspid Mother
53%
Warrior Dreams Yes Markoth
53%
Forgotten Crossroads / Common Enemies Yes Baldur
52%
Warrior Dreams Yes Gorb
52%
Queen's Gardens Yes Traitor Lord
52%
Warrior Dreams Yes Xero
52%
Royal Waterways Yes Dung Defender
51%
Forgotten Crossroads / Common Enemies Yes Husk Bully
51%
Fungal Wastes Yes Mantis Warrior
51%
Warrior Dreams Yes No Eyes
51%
Forgotten Crossroads / Common Enemies Yes Aspid Hunter
50%
Warrior Dreams Yes Elder Hu
50%
Warrior Dreams Yes Galien
50%
Greenpath Yes Mosskin
50%
Ancient Basin Yes Brooding Mawlek
49%
Colosseum of Fools Yes God Tamer
49%
Warrior Dreams Yes Marmu
49%
Greenpath Yes Moss Charger
49%
Deepnest Yes Nosk
49%
Greenpath Yes Squit
49%
City of Tears Yes Husk Sentry
48%
The Hive Yes Hiveling
47%
Forgotten Crossroads / Common Enemies Yes Maggot
47%
Queen's Gardens Yes Mantis Petra
47%
Greenpath Yes Moss Knight
47%
Fog Canyon Yes Ooma
47%
City of Tears Yes Watcher Knights
47%
Forgotten Crossroads / Common Enemies Yes Goam
46%
Kingdom's Edge Yes Hopper
46%
Forgotten Crossroads / Common Enemies Yes Husk Guard
46%
Fungal Wastes Yes Mantis Youth
46%
City of Tears Yes Gorgeous Husk
45%
Crystal Peak Yes Husk Miner
45%
White Palace Yes Kingsmould
45%
Greenpath Yes Massive Moss Charger
45%
Infected Crossroads Yes Volatile Gruzzer
45%
Forgotten Crossroads / Common Enemies Yes Aspid Hatchling
44%
Royal Waterways Yes Belfly
44%
Kingdom's Edge Yes Boofly
44%
Forgotten Crossroads / Common Enemies Yes Elder Baldur
44%
Royal Waterways Yes Flukemunga
44%
Queen's Gardens Yes Mantis Traitor
44%
Greenpath Yes Mossfly
44%
Godhome Exclusive Bosses No Paintmaster Sheo
44%
Fungal Wastes Yes Shrumal Ogre
44%
Infected Crossroads Yes Slobbering Husk
44%
City of Tears Yes The Collector
44%
The Abyss Yes Void Tendrils
44%
City of Tears Yes Winged Sentry
44%
Kingdom's Edge Yes Great Hopper
43%
The Grimm Troupe No Grimmkin Master
43%
The Grimm Troupe No Grimmkin Novice
43%
The Hive Yes Hive Guardian
43%
City of Tears Yes Mistake
43%
City of Tears Yes Soul Warrior
43%
Fog Canyon Yes Uoma
43%
Royal Waterways No White Defender
43%
City of Tears Yes Cowardly Husk
42%
Infected Crossroads Yes Furious Vengefly
42%
The Grimm Troupe No Grimmkin Nightmare
42%
City of Tears Yes Husk Dandy
42%
Colosseum of Fools Yes Oblobbles
42%
Colosseum of Fools Yes Winged Fool
42%
Deepnest Yes Garpede
41%
Godhome Exclusive Bosses No Great Nailsage Sly
41%
Forgotten Crossroads / Common Enemies Yes Husk Hornhead
41%
Greenpath Yes Obble
41%
Special Enemies Yes Shade
41%
Colosseum of Fools Yes Armoured Squit
40%
Deepnest Yes Dirtcarver
40%
City of Tears Yes Gluttonous Husk
40%
City of Tears Yes Great Husk Sentry
40%
Kingdom's Edge Yes Grub Mimic
40%
Colosseum of Fools Yes Heavy Fool
40%
The Hive Yes Husk Hive
40%
Deepnest Yes Little Weaver
40%
Ancient Basin Yes Mawlurk
40%
Greenpath Yes Mosscreep
40%
Fungal Wastes Yes Shrumal Warrior
40%
White Palace Yes Wingmould
40%
Royal Waterways Yes Flukefey
39%
Royal Waterways Yes Hwurmp
39%
City of Tears Yes Soul Twister
39%
Deepnest Yes Stalking Devout
39%
Greenpath Yes Volatile Mosskin
39%
Greenpath Yes Aluba
38%
Royal Waterways Yes Flukemon
38%
City of Tears Yes Folly
38%
Forgotten Crossroads / Common Enemies Yes Husk Warrior
38%
City of Tears Yes Lance Sentry
38%
Forgotten Crossroads / Common Enemies Yes Lifeseed
38%
Royal Waterways Yes Pilflip
38%
Ancient Basin Yes Shadow Creeper
38%
Deepnest Yes Carver Hatcher
37%
Fog Canyon Yes Charged Lumafly
37%
Crystal Peak Yes Crystal Hunter
37%
Forgotten Crossroads / Common Enemies Yes Entombed Husk
37%
Fungal Wastes Yes Fungified Husk
37%
Fungal Wastes Yes Fungling
37%
Fungal Wastes Yes Fungoon
37%
City of Tears Yes Heavy Sentry
37%
Marks / Seals No Hunter's Mark
37%
Ancient Basin Yes Lesser Mawlek
37%
Fungal Wastes Yes Shrumeling
37%
Greenpath Yes Fool Eater
36%
Crystal Peak Yes Glimback
36%
Greenpath Yes Gulka
36%
Crystal Peak Yes Crystallized Husk
35%
Greenpath Yes Duranda
35%
Ancient Basin Yes Lightseed
35%
Queen's Gardens Yes Loodle
35%
Greenpath Yes Mossy Vagabond
35%
Crystal Peak Yes Shardmite
35%
Colosseum of Fools Yes Shielded Fool
35%
Zote Variants No Winged Zoteling
35%
Fungal Wastes Yes Ambloom
34%
Colosseum of Fools Yes Battle Obble
34%
Deepnest Yes Deepling
34%
Greenpath Yes Durandoo
34%
The Hive Yes Hive Soldier
34%
Forgotten Crossroads / Common Enemies No Menderbug
34%
Colosseum of Fools Yes Sharp Baldur
34%
Colosseum of Fools Yes Volt Twister
34%
Crystal Peak Yes Crystal Crawler
33%
Colosseum of Fools Yes Death Loodle
33%
Ancient Basin Yes Infected Balloon
33%
White Palace Yes Royal Retainer
33%
Fungal Wastes Yes Sporg
33%
Godhome Exclusive Bosses No Nailmasters Oro & Mato
32%
Queen's Gardens Yes Spiny Husk
32%
Infected Crossroads Yes Violent Husk
32%
Zote Variants No Volatile Zoteling
32%
Deepnest Yes Corpse Creeper
31%
Colosseum of Fools Yes Pale Lurker
31%
Colosseum of Fools Yes Sturdy fool
31%
Deepnest Yes Deephunter
30%
Greenpath Yes Maskfly
30%
Marks / Seals No Seal of Binding
30%
Zote Variants No Hopping Zoteling
28%
Royal Waterways Yes Bluggsac
26%
Marks / Seals No Weathered Mask
26%
Marks / Seals No Void Idol
21%
No matching quizzes found
Score Distribution
Percent of People with Each Score
Percentile by Number Answered
Your Score History
You have not taken this quiz